[Event "2016 British Chess Championships"]
[Site "Bournemouth Pavilions, Bournem"]
[Date "2016.07.26"]
[Round "2.25"]
[White "Mason, Donald J"]
[Black "Coleman, David J"]
[Result "1/2-1/2"]
[WhiteElo "2143"]
[BlackElo "2181"]
[PlyCount "51"]
[EventDate "2016.07.25"]

1. d4 Nf6 2. c4 Nc6 3. Nf3 e6 4. g3 d5 5. Bg2 dxc4 6. Qa4 Bb4+ 7. Bd2 Nd5 8.
Qb5 Bxd2+ 9. Nbxd2 c3 10. bxc3 Nxc3 11. Qd3 Nd5 12. O-O O-O 13. Rfc1 h6 14.
Rab1 a5 15. a3 Ra7 16. Nc4 Nce7 17. e4 Nf6 18. Nfe5 Nd7 19. Qe3 Nxe5 20. Nxe5
b6 21. Rc3 Bb7 22. Rbc1 Ba8 23. Bh3 Qd6 24. Nc4 Qd8 25. Ne5 Qd6 26. Nc4 1/2-1/2

[Event "2016 British Chess Championships"]
[Site "Bournemouth Pavilions, Bournem"]
[Date "2016.07.26"]
[Round "2.26"]
[White "Keely, Leo A"]
[Black "Gill, Oliver"]
[Result "0-1"]
[WhiteElo "1938"]
[BlackElo "2102"]
[PlyCount "70"]
[EventDate "2016.07.25"]

1. e4 d5 2. exd5 Qxd5 3. Nc3 Qa5 4. d4 Nf6 5. Nf3 c6 6. Bd3 Bg4 7. h3 Bh5 8. g4
Bg6 9. Ne5 e6 10. Nxg6 hxg6 11. Bd2 Qb6 12. Qf3 Qxd4 13. O-O-O Nbd7 14. Bf4 Bc5
15. Bg3 Qb4 16. Ne4 Nxe4 17. Bxe4 Nf6 18. Bxc6+ bxc6 19. Qxc6+ Ke7 20. g5 Nd5
21. Rxd5 exd5 22. c3 Be3+ 23. fxe3 Rac8 24. Qxd5 Rhd8 25. Qe5+ Kf8 26. Rf1 Qc4
27. Qf4 Qxa2 28. Kc2 Rd7 29. Qb4+ Kg8 30. e4 Qa6 31. Rg1 Qe2+ 32. Kb3 a5 33.
Qb6 Qxe4 34. Qxa5 Ra8 35. Re1 Rb7+ 0-1

[Event "2016 British Chess Championships"]
[Site "Bournemouth Pavilions, Bournem"]
[Date "2016.07.26"]
[Round "2.27"]
[White "Hill, Alistair"]
[Black "Moreby, James E"]
[Result "1-0"]
[WhiteElo "2257"]
[BlackElo "2040"]
[PlyCount "83"]
[EventDate "2016.07.25"]

1. Nf3 d5 2. g3 Nf6 3. Bg2 c6 4. O-O Bf5 5. c4 e6 6. cxd5 cxd5 7. Qb3 Qc7 8. d3
Nc6 9. Nc3 Be7 10. Bf4 Qd7 11. Ne5 Nxe5 12. Bxe5 O-O 13. e4 dxe4 14. dxe4 Bg6
15. Rfd1 Qc6 16. Rac1 Qb6 17. Qxb6 axb6 18. Bd6 Bxd6 19. Rxd6 Ra6 20. Rcd1 h6
21. f3 b5 22. a3 Ne8 23. Rd7 Rb6 24. R1d4 f5 25. e5 Rf7 26. f4 Rxd7 27. Rxd7 b4
28. Na4 Rb5 29. Rxb7 bxa3 30. bxa3 Ra5 31. Bc6 Kf8 32. Rb8 Bf7 33. Nb6 Rxa3 34.
Nc8 Ra1+ 35. Kf2 Ra2+ 36. Ke3 Rc2 37. Bxe8 Rxc8 38. Rxc8 Bxe8 39. Rc7 Ba4 40.
Kd4 Bb3 41. Kc5 Bd5 42. Kd6 1-0

[Event "2016 British Chess Championships"]
[Site "Bournemouth Pavilions, Bournem"]
[Date "2016.07.26"]
[Round "2.28"]
[White "Pleasants, Allan J"]
[Black "Storey, Charles H"]
[Result "0-1"]
[WhiteElo "2038"]
[BlackElo "2256"]
[PlyCount "54"]
[EventDate "2016.07.25"]

1. c4 g6 2. g3 Bg7 3. Bg2 e5 4. Nc3 Nc6 5. d3 f5 6. e3 Nf6 7. Nge2 d6 8. Rb1
O-O 9. b4 Ne7 10. Qb3 Kh8 11. Bd2 g5 12. f4 gxf4 13. exf4 Ng6 14. O-O c6 15.
Rbe1 Be6 16. Kh1 Qd7 17. Qc2 h5 18. Nd1 h4 19. Ne3 Rf7 20. Bc3 Rg8 21. Ng1 hxg3
22. Nh3 Bh6 23. Qb2 Nh5 24. fxe5 f4 25. Ng4 Kh7 26. Nxh6 Kxh6 27. Qd2 Bxh3 0-1

[Event "2016 British Chess Championships"]
[Site "Bournemouth Pavilions, Bournem"]
[Date "2016.07.26"]
[Round "2.29"]
[White "Walker, Samuel A"]
[Black "Shaw, Peter"]
[Result "1/2-1/2"]
[WhiteElo "2022"]
[BlackElo "2143"]
[PlyCount "121"]
[EventDate "2016.07.25"]

1. Nf3 d6 2. d4 Bg4 3. c4 Nd7 4. Nbd2 c6 5. g3 e5 6. Bg2 Ngf6 7. O-O Be7 8. c5
exd4 9. cxd6 Bxd6 10. Nc4 Bc5 11. b4 Bxb4 12. Rb1 a5 13. Qxd4 O-O 14. Rd1 Bf5
15. Rb2 Ne4 16. Ne3 Bc3 17. Qc4 b5 18. Qxc6 Rc8 19. Qxb5 Bxb2 20. Bxb2 Be6 21.
Ne5 Nef6 22. Nc6 Qb6 23. Qxb6 Nxb6 24. Ne7+ Kh8 25. Nxc8 Rxc8 26. a3 h6 27. h4
Bb3 28. Rd6 Nc4 29. Nxc4 Rxc4 30. Rd3 a4 31. Rc3 Rxc3 32. Bxc3 Nd5 33. Bd4 Kg8
34. e3 h5 35. Kf1 f5 36. Ke1 Kf7 37. Bf3 g6 38. Kd2 Ke6 39. Be2 Nc7 40. Kc3
Nd5+ 41. Kd2 Nc7 42. f3 Kd5 43. g4 hxg4 44. fxg4 fxg4 45. Bxg4 Nb5 46. Bf3+ Kd6
47. Bb2 Ke6 48. Be4 Kf7 49. Kd3 Nd6 50. Kd4 Nxe4 51. Kxe4 Ke6 52. Bc3 Bc2+ 53.
Kf4 Bd3 54. e4 Bc2 55. Bb4 Bd3 56. e5 Bc2 57. Bd6 Bd3 58. Kg5 Bc2 59. h5 gxh5
60. Kxh5 Bd1+ 61. Kg5 1/2-1/2

[Event "2016 British Chess Championships"]
[Site "Bournemouth Pavilions, Bournem"]
[Date "2016.07.26"]
[Round "2.30"]
[White "Kalavannan, Koby"]
[Black "Simons, Martin J"]
[Result "1/2-1/2"]
[WhiteElo "2131"]
[BlackElo "2015"]
[PlyCount "36"]
[EventDate "2016.07.25"]

1. d4 c5 2. d5 Nf6 3. c4 b5 4. cxb5 a6 5. b6 a5 6. Nc3 Ba6 7. Nf3 d6 8. Nd2
Nbd7 9. b7 Rb8 10. Qa4 Rxb7 11. Nb3 Rb4 12. Qxa5 Qb6 13. Bg5 Qxa5 14. Nxa5 Rxb2
15. O-O-O Rb6 16. e4 Bxf1 17. Rhxf1 g6 18. Kc2 Bg7 1/2-1/2

[Event "2016 British Chess Championships"]
[Site "Bournemouth Pavilions, Bournem"]
[Date "2016.07.26"]
[Round "2.31"]
[White "Starley, Robert"]
[Black "Crocker, Philip J"]
[Result "1/2-1/2"]
[WhiteElo "2001"]
[BlackElo "2122"]
[PlyCount "248"]
[EventDate "2016.07.25"]

1. e4 Nf6 2. e5 Nd5 3. d4 d6 4. Nf3 dxe5 5. Nxe5 c6 6. Be2 Bf5 7. O-O Nd7 8.
Nf3 e6 9. c4 N5f6 10. Nc3 Bd6 11. d5 Qc7 12. h3 exd5 13. cxd5 Nxd5 14. Nxd5
cxd5 15. Qxd5 Be6 16. Qg5 O-O 17. Nd4 Rfe8 18. Nxe6 Rxe6 19. Be3 Be7 20. Qb5 a6
21. Qb3 Nc5 22. Qc2 Qe5 23. Rac1 Ne4 24. Rfd1 Nxf2 25. Bxf2 Qxe2 26. Rd2 Qe4
27. Qxe4 Rxe4 28. Rd7 b5 29. Rcc7 Bf6 30. b3 Re2 31. a4 bxa4 32. bxa4 Rb8 33.
Ra7 h6 34. Rab7 Rxb7 35. Rxb7 Ra2 36. Rb4 Ra1+ 37. Kh2 Be5+ 38. Bg3 Bxg3+ 39.
Kxg3 a5 40. Rc4 Ra2 41. Kh2 g6 42. h4 Kg7 43. Kh3 h5 44. Kg3 Kf6 45. Kf3 Ke6
46. g4 Ra3+ 47. Kf4 hxg4 48. Kxg4 f5+ 49. Kg5 Rg3+ 50. Kh6 Kd5 51. Rc8 f4 52.
Ra8 f3 53. Rxa5+ Kc4 54. Ra8 Kb4 55. Ra7 Kc3 56. Rf7 Kd3 57. a5 Ke2 58. a6 Rg4
59. a7 Rxh4+ 60. Kxg6 Ra4 61. Kh5 f2 62. Re7+ Kf1 63. Rf7 Ra1 64. Kh4 Kg2 65.
Rg7+ Kh2 66. Rf7 Ra4+ 67. Kh5 Kg2 68. Rg7+ Kh3 69. Rf7 Ra5+ 70. Kh6 Kg3 71.
Rg7+ Kh4 72. Rf7 Ra6+ 73. Kh7 Rxa7 74. Rxa7 f1=Q 75. Rg7 Kh5 76. Kg8 Qf5 77.
Rf7 Qg6+ 78. Rg7 Qe6+ 79. Kf8 Qf6+ 80. Kg8 Qd8+ 81. Kf7 Qd6 82. Ke8 Kh6 83. Rd7
Qe6+ 84. Re7 Qc6+ 85. Kf7 Qg6+ 86. Kf8 Qf6+ 87. Ke8 Kg6 88. Kd7 Kf5 89. Ke8
Qc6+ 90. Kd8 Qd6+ 91. Ke8 Qg6+ 92. Kf8 Qh6+ 93. Kf7 Qh5+ 94. Kg7 Qg5+ 95. Kf7
Qf6+ 96. Ke8 Qd6 97. Rf7+ Kg6 98. Rg7+ Kh6 99. Rd7 Qe6+ 100. Re7 Qc8+ 101. Kf7
Kg5 102. Re5+ Kf4 103. Re6 Qd7+ 104. Re7 Qd5+ 105. Ke8 Kf5 106. Rf7+ Ke6 107.
Re7+ Kf6 108. Rc7 Qe6+ 109. Kd8 Qd6+ 110. Kc8 Ke6 111. Kb7 Qb4+ 112. Kc8 Qb5
113. Rb7 Qa6 114. Kc7 Kd5 115. Kb8 Qc6 116. Rc7 Qb6+ 117. Kc8 Kd6 118. Rd7+ Ke6
119. Re7+ Kf6 120. Rc7 Qa5 121. Kb7 Ke6 122. Rc6+ Kd7 123. Rb6 Qd5+ 124. Ka6
Kc7 1/2-1/2

[Event "2016 British Chess Championships"]
[Site "Bournemouth Pavilions, Bournem"]
[Date "2016.07.26"]
[Round "2.32"]
[White "Bicknell, Carl"]
[Black "Grigoryan, Meri"]
[Result "1/2-1/2"]
[WhiteElo "2121"]
[BlackElo "1996"]
[PlyCount "36"]
[EventDate "2016.07.25"]

1. e4 c6 2. d4 d5 3. exd5 cxd5 4. Bd3 Nf6 5. c3 Nc6 6. Bf4 g6 7. Nd2 Bg7 8. h3
O-O 9. Ngf3 Nh5 10. Bh2 Bh6 11. O-O Nf4 12. Bxf4 Bxf4 13. Re1 Qc7 14. g3 Bxg3
15. fxg3 Qxg3+ 16. Kh1 Qxh3+ 17. Kg1 Qg3+ 18. Kh1 Qh3+ 1/2-1/2

[Event "2016 British Chess Championships"]
[Site "Bournemouth Pavilions, Bournem"]
[Date "2016.07.26"]
[Round "2.33"]
[White "Elwin, Adrian G"]
[Black "Longson, Sarah N"]
[Result "0-1"]
[WhiteElo "1992"]
[BlackElo "2117"]
[PlyCount "82"]
[EventDate "2016.07.25"]

1. d4 d5 2. c4 dxc4 3. e3 e5 4. Bxc4 exd4 5. exd4 Bd6 6. Nf3 Nf6 7. Qe2+ Qe7 8.
Qxe7+ Bxe7 9. Bf4 c6 10. O-O O-O 11. Nc3 Nbd7 12. Rfe1 Bb4 13. Bb3 Nb6 14. Bg5
Nfd5 15. Rac1 Be6 16. Red1 Rfe8 17. Bd2 Nc7 18. Bxe6 Nxe6 19. a3 Bxc3 20. Bxc3
Nf4 21. Rc2 f6 22. Kf1 Rad8 23. Ba5 Rd5 24. Bxb6 axb6 25. g3 Ne6 26. Re2 Kf7
27. Rde1 Nc7 28. Rxe8 Nxe8 29. Re3 Nd6 30. Rb3 b5 31. Ke2 g5 32. g4 Kg6 33. h3
h5 34. Rb4 h4 35. a4 bxa4 36. Rxa4 Rb5 37. b4 Ne4 38. Ra3 Rxb4 39. Re3 Rb2+ 40.
Ke1 Nxf2 41. Re6 Kf7 0-1

[Event "2016 British Chess Championships"]
[Site "Bournemouth Pavilions, Bournem"]
[Date "2016.07.26"]
[Round "2.34"]
[White "Klingher, Dominic"]
[Black "Grieve, Harry"]
[Result "1-0"]
[WhiteElo "2117"]
[BlackElo "1994"]
[PlyCount "109"]
[EventDate "2016.07.25"]

1. e4 c5 2. Nc3 a6 3. g3 b5 4. Bg2 Bb7 5. d3 e6 6. Nge2 Nf6 7. O-O d6 8. f4 Qc7
9. f5 e5 10. h3 b4 11. Nb1 Nfd7 12. Nd2 Nb6 13. c4 Be7 14. Nf3 Nc6 15. g4 O-O-O
16. a3 a5 17. Bd2 Rdg8 18. axb4 axb4 19. Ng3 Kb8 20. Be3 Bc8 21. Ne1 Qd8 22.
Qd2 Qe8 23. Nc2 Kb7 24. b3 Kc7 25. Ne2 Bb7 26. Bg5 Bxg5 27. Qxg5 Qd8 28. Qd2
Qd7 29. Ne3 Nd4 30. Nxd4 exd4 31. Nd5+ Bxd5 32. cxd5 Ra8 33. e5 dxe5 34. d6+
Qxd6 35. Bxa8 Rxa8 36. Rxa8 Nxa8 37. Qa2 Nb6 38. Qa7+ Kd8 39. Qxf7 e4 40. Kg2
e3 41. Qg8+ Kc7 42. Qxg7+ Nd7 43. Ra1 Qd5+ 44. Kg3 Qd6+ 45. Kh4 Kb6 46. Qxh7 e2
47. Qg6 Nf6 48. Kg5 c4 49. bxc4 Ne4+ 50. dxe4 Qxg6+ 51. fxg6 d3 52. g7 d2 53.
g8=Q d1=Q 54. Qb8+ Kc6 55. Qb5+ 1-0

[Event "2016 British Chess Championships"]
[Site "Bournemouth Pavilions, Bournem"]
[Date "2016.07.26"]
[Round "2.35"]
[White "Brewer, Callum D"]
[Black "Fallowfield, Jeremy R"]
[Result "0-1"]
[WhiteElo "1988"]
[BlackElo "2109"]
[PlyCount "106"]
[EventDate "2016.07.25"]

1. e4 c5 2. Nc3 Nc6 3. Bb5 Nd4 4. Nf3 a6 5. Bd3 g6 6. Nxd4 cxd4 7. Ne2 Bg7 8.
c3 dxc3 9. bxc3 Nf6 10. Bc2 d6 11. O-O O-O 12. d4 b5 13. Ng3 Qc7 14. Bd2 Nd7
15. f4 e5 16. dxe5 dxe5 17. f5 Nf6 18. Bb3 Kh8 19. Qe2 Bb7 20. h4 h5 21. Bg5
Qxc3 22. Bxf6 Qxg3 23. Qd2 Kh7 24. Bxg7 Kxg7 25. fxg6 Rad8 26. Qc1 Bxe4 27. Rf2
fxg6 28. Qc7+ Kh6 29. Re2 Ba8 30. Rc1 Qxh4 31. Qxe5 Qd4+ 32. Qxd4 Rxd4 33. Bc2
Rfd8 34. Re6 Rg4 35. Kf1 Rxg2 36. Rxa6 Rf8+ 37. Ke1 Re8+ 38. Kf1 Rc8 39. Rxa8
Rcxc2 40. Rb1 Rcf2+ 41. Ke1 Rxa2 42. Rxa2 Rxa2 43. Rxb5 h4 44. Kf1 g5 45. Kg1
h3 46. Rb3 g4 47. Rb5 Re2 48. Ra5 g3 49. Ra6+ Kg5 50. Ra5+ Kf4 51. Ra4+ Re4 52.
Ra1 Kg4 53. Rf1 h2+ 0-1

[Event "2016 British Chess Championships"]
[Site "Bournemouth Pavilions, Bournem"]
[Date "2016.07.26"]
[Round "2.36"]
[White "Talbot, Nathan L"]
[Black "Golding, Alex"]
[Result "0-1"]
[WhiteElo "2108"]
[BlackElo "1961"]
[PlyCount "34"]
[EventDate "2016.07.25"]

1. d4 Nf6 2. Nf3 g6 3. g3 Bg7 4. Bg2 O-O 5. O-O d6 6. Nc3 Nbd7 7. a4 e5 8. dxe5
dxe5 9. e4 Qe7 10. b3 Re8 11. Ba3 Qd8 12. Qe2 Bf8 13. Bb2 c6 14. a5 Qc7 15.
Rfe1 Bb4 16. Qc4 Bxa5 17. Nb5 cxb5 0-1

[Event "2016 British Chess Championships"]
[Site "Bournemouth Pavilions, Bournem"]
[Date "2016.07.26"]
[Round "2.37"]
[White "De Coverly, Roger D"]
[Black "Davis, Lee"]
[Result "1-0"]
[WhiteElo "2082"]
[BlackElo "1946"]
[PlyCount "119"]
[EventDate "2016.07.25"]

1. e4 g6 2. d4 d6 3. Nc3 Bg7 4. Be3 Nf6 5. Qd2 O-O 6. Nf3 Nc6 7. d5 Ne5 8. Nxe5
dxe5 9. f3 a6 10. a4 Qd6 11. g4 Qb4 12. h4 h5 13. g5 Ne8 14. Rb1 Nd6 15. Be2
Bd7 16. b3 b6 17. O-O f5 18. Rbd1 fxe4 19. Nxe4 Qxd2 20. Nxd2 Nf5 21. Bf2 Nd4
22. Bxd4 exd4 23. Bd3 Bf5 24. Ne4 Kh7 25. Kg2 Rfd8 26. Bc4 b5 27. axb5 axb5 28.
Bxb5 Ra2 29. Rf2 Be5 30. Bc4 Rb2 31. Nc5 Rxc2 32. Rxc2 Bxc2 33. Re1 Bd6 34. Ne6
Ra8 35. Nxd4 Ra2 36. Re2 Bb1 37. Rxa2 Bxa2 38. Nb5 Bb1 39. Nxd6 exd6 40. Kf2
Kg7 41. Ke3 Bc2 42. b4 Bf5 43. Bd3 Bd7 44. Kd4 Be8 45. f4 Bd7 46. b5 Kf7 47.
Kc4 Bc8 48. Be4 Bd7 49. Kb4 Be8 50. Ka5 Ke7 51. b6 cxb6+ 52. Kxb6 Bf7 53. Kc7
Be8 54. f5 gxf5 55. Bxf5 Bf7 56. Be4 Bg8 57. g6 Bxd5 58. Bxd5 Kf6 59. Be4 d5
60. Bd3 1-0

[Event "2016 British Chess Championships"]
[Site "Bournemouth Pavilions, Bournem"]
[Date "2016.07.26"]
[Round "2.38"]
[White "Dalton, Joseph"]
[Black "Hewson, Brian Wr"]
[Result "1/2-1/2"]
[WhiteElo "1928"]
[BlackElo "2082"]
[PlyCount "75"]
[EventDate "2016.07.25"]

1. d4 d5 2. Nf3 Nf6 3. e3 c6 4. Bd3 Bg4 5. b3 e6 6. Bb2 Nbd7 7. Nbd2 Qa5 8. O-O
Ba3 9. Qc1 Bxb2 10. Qxb2 O-O 11. c4 Qc7 12. Rac1 Rfe8 13. Rfe1 Bh5 14. Be2 Bg6
15. Nh4 e5 16. Nxg6 hxg6 17. cxd5 Nxd5 18. e4 Nf4 19. d5 Nxe2+ 20. Rxe2 Rac8
21. dxc6 Nb8 22. b4 b5 23. Nf3 Nxc6 24. Rec2 Qd6 25. g3 Rc7 26. Rc5 a6 27. Nxe5
Rxe5 28. Rxc6 Rxc6 29. Rxc6 Qd1+ 30. Kg2 Rxe4 31. Rxa6 Qd5 32. Qb3 Qxb3 33.
axb3 Rxb4 34. Ra8+ Kh7 35. Ra3 g5 36. Kf3 g4+ 37. Ke3 f5 38. f3 1/2-1/2

[Event "2016 British Chess Championships"]
[Site "Bournemouth Pavilions, Bournem"]
[Date "2016.07.26"]
[Round "2.39"]
[White "Mitra, Roman C"]
[Black "Shepherd, Katherine M"]
[Result "1/2-1/2"]
[WhiteElo "2073"]
[BlackElo "1932"]
[PlyCount "88"]
[EventDate "2016.07.25"]

1. e4 e6 2. Qe2 c5 3. Nf3 Nc6 4. g3 Nge7 5. Bg2 g6 6. O-O Bg7 7. c3 d5 8. e5
Nf5 9. d3 h5 10. h3 Qc7 11. Re1 b6 12. Bg5 Ba6 13. Na3 Rb8 14. Nc2 O-O 15. Bf4
Rfd8 16. a4 d4 17. c4 Bxc4 18. g4 hxg4 19. hxg4 Nfe7 20. dxc4 d3 21. Qe3 dxc2
22. Ng5 Nb4 23. Bf1 Rd4 24. Ne4 Rbd8 25. Nd6 Qd7 26. Qg3 Nc8 27. Nb5 Rd1 28.
Nc3 Rxe1 29. Rxe1 Nd3 30. Bxd3 Qxd3 31. Qxd3 Rxd3 32. Rc1 Rd4 33. Bg3 Rxg4 34.
Kf1 Rxc4 35. Rxc2 Rd4 36. b3 a6 37. a5 b5 38. Ne2 Rd1+ 39. Kg2 Bf8 40. Nc3 Rd4
41. f3 Rb4 42. Ne4 c4 43. Nf6+ Kg7 44. Ne8+ Kg8 1/2-1/2

[Event "2016 British Chess Championships"]
[Site "Bournemouth Pavilions, Bournem"]
[Date "2016.07.26"]
[Round "2.40"]
[White "Birkett, Richard"]
[Black "Zhu, Richard"]
[Result "1/2-1/2"]
[WhiteElo "2053"]
[BlackElo "1905"]
[PlyCount "142"]
[EventDate "2016.07.25"]

1. e4 c5 2. Nf3 Nc6 3. d4 cxd4 4. Nxd4 Nf6 5. Nxc6 bxc6 6. Bd3 g6 7. O-O Bg7 8.
Nc3 d5 9. Qe2 O-O 10. h3 d4 11. Nb1 e5 12. Bg5 Qc7 13. Na3 Be6 14. Nc4 Ne8 15.
Rae1 f6 16. Bd2 Nd6 17. f4 Kh8 18. Ba5 Qb8 19. fxe5 Nxc4 20. Bxc4 Qxe5 21. Bb4
Rfe8 22. Qd3 Bh6 23. Bxe6 Rxe6 24. Qc4 a5 25. Bc5 Rd8 26. Bb6 Rd7 27. Bxa5 Be3+
28. Kh1 Qxe4 29. Qc5 Kg7 30. Bb4 Rf7 31. Qc4 Re5 32. Re2 Rh5 33. Rf3 f5 34. Bd2
Rh4 35. Bxe3 dxe3 36. Qc3+ Qd4 37. Qxd4+ Rxd4 38. Rfxe3 Rd1+ 39. Kh2 Ra1 40. a3
Ra2 41. Rb3 c5 42. c4 Kf6 43. Rb5 Rc7 44. Kg3 Kg5 45. Kf3 h5 46. Re5 h4 47. Rd5
Rc6 48. Rdxc5 Rxc5 49. Rxc5 Rxb2 50. a4 Ra2 51. a5 Ra3+ 52. Kf2 Kf4 53. Rb5
Ra2+ 54. Kg1 g5 55. c5 Ra1+ 56. Kf2 Ra2+ 57. Kf1 Ke3 58. Rb3+ Kd4 59. c6 Rxa5
60. Rb4+ Ke3 61. Rb3+ Ke4 62. Rc3 Ra8 63. c7 Rc8 64. Ke2 g4 65. Rc5 Kf4 66.
Rc4+ Kg3 67. hxg4 fxg4 68. Kf1 h3 69. gxh3 Kxh3 70. Rc3+ Kh4 71. Kg2 Kg5
1/2-1/2

[Event "2016 British Chess Championships"]
[Site "Bournemouth Pavilions, Bournem"]
[Date "2016.07.26"]
[Round "2.41"]
[White "Varney, Zoe"]
[Black "Dilleigh, Stephen P"]
[Result "1/2-1/2"]
[WhiteElo "1818"]
[BlackElo "2053"]
[PlyCount "130"]
[EventDate "2016.07.25"]

1. e4 e6 2. c4 d5 3. exd5 exd5 4. cxd5 Nf6 5. Nc3 Nxd5 6. Nf3 Be7 7. d4 O-O 8.
Bd3 Nf6 9. O-O Nc6 10. h3 Nb4 11. Bb1 Nbd5 12. Re1 Re8 13. a3 c6 14. Ng5 h6 15.
Nxd5 cxd5 16. Nf3 Be6 17. Bf4 Qb6 18. b4 a5 19. bxa5 Rxa5 20. Qd3 Qa6 21. Bc1
Qxd3 22. Bxd3 Rea8 23. Bf5 Bb4 24. Rxe6 fxe6 25. Bxe6+ Kf8 26. Rb1 Bxa3 27.
Bxa3+ Rxa3 28. Rxb7 R8a7 29. Rb5 R3a5 30. Rb3 Ra1+ 31. Kh2 R1a3 32. Rb5 R3a5
33. Rb3 Ke7 34. Re3 Kd6 35. Bf5 Re7 36. Ne5 Ra4 37. Bg6 Rb7 38. Nf3 Ra2 39. Nh4
Rxf2 40. Nf5+ Kc6 41. Re6+ Kc7 42. Nxg7 Kb8 43. Nf5 Ne4 44. Ne3 Nc3 45. Bh5 Rb4
46. Rc6 Rb3 47. Rxc3 Rxc3 48. Nd1 Rcc2 49. Nxf2 Rxf2 50. Bf3 Rd2 51. Bxd5 Rxd4
52. Bf3 Kc7 53. Kg3 Kd6 54. Bg4 Ke5 55. Kh4 Kf6 56. Kh5 Kg7 57. Bf5 Rd5 58. g4
Rc5 59. Kh4 Kf6 60. Kh5 Rc3 61. Kh4 Ra3 62. Bc8 Rc3 63. Bf5 Ke5 64. Bd7 Kf4 65.
Be6 Re3 1/2-1/2

[Event "2016 British Chess Championships"]
[Site "Bournemouth Pavilions, Bournem"]
[Date "2016.07.26"]
[Round "2.42"]
[White "Wager, John D"]
[Black "Miller, Dominic"]
[Result "0-1"]
[WhiteElo "2053"]
[BlackElo "1783"]
[PlyCount "50"]
[EventDate "2016.07.25"]

1. d4 d5 2. Nf3 Nf6 3. e3 c5 4. c3 Nc6 5. Bd3 e6 6. Nbd2 Bd6 7. O-O O-O 8. b3
cxd4 9. exd4 e5 10. dxe5 Nxe5 11. Nxe5 Bxe5 12. Bb2 Qc7 13. Nf3 Bg4 14. h3 Bh5
15. Rc1 Rfe8 16. Be2 Bf4 17. Rc2 Rad8 18. Nd4 Bg6 19. Bd3 Ne4 20. Re1 Bh2+ 21.
Kf1 Ng3+ 22. fxg3 Rxe1+ 23. Qxe1 Bxd3+ 24. Re2 Bxg3 25. Qd2 Qf4+ 0-1

[Event "2016 British Chess Championships"]
[Site "Bournemouth Pavilions, Bournem"]
[Date "2016.07.26"]
[Round "2.43"]
[White "Jina, Taran"]
[Black "Bridge, Neil A"]
[Result "1/2-1/2"]
[WhiteElo "1764"]
[BlackElo "2044"]
[PlyCount "196"]
[EventDate "2016.07.25"]

1. d4 Nf6 2. g3 g6 3. Bg2 d5 4. Nf3 Bg7 5. O-O O-O 6. c4 dxc4 7. Ne5 Nc6 8.
Nxc6 bxc6 9. Bxc6 Bh3 10. Re1 Rb8 11. Na3 c3 12. bxc3 Nd5 13. Qd3 Nxc3 14. e3
Nd5 15. Bd2 Qd6 16. Rec1 Rb6 17. Nb5 Qe6 18. Nxa7 Bf5 19. Qf1 Be4 20. Bb5 Qf5
21. Be2 Rb2 22. Bc3 Rxe2 23. Qxe2 Bf3 24. Qf1 Nxc3 25. Rxc3 Qa5 26. Nb5 c6 27.
Rc5 cxb5 28. Qxb5 Qa8 29. a4 Rb8 30. Qc4 Bh1 31. Qf1 h5 32. h4 Bf3 33. Qc4 Bh1
34. Qf1 Bd5 35. Qc1 e5 36. dxe5 Bxe5 37. Rb1 Rxb1 38. Qxb1 Bh1 39. Qf1 Bd6 40.
Rc4 Bd5 41. Rd4 Be5 42. Rb4 Bc6 43. Qc4 Qe8 44. Qc5 Qd7 45. Rb1 Bd6 46. Qd4 Qf5
47. Re1 Qf3 48. e4 Be7 49. Qc4 Bd7 50. Qe2 Qc3 51. Qe3 Qe5 52. Qb3 Bc5 53. Kg2
Qd4 54. Qb8+ Kg7 55. Qf4 Bxa4 56. Re2 Bc6 57. Kh2 Qd1 58. Qe5+ Kh7 59. Qxc5
Qxe2 60. Qxc6 Qxf2+ 61. Kh3 Qg1 62. e5 Qf1+ 63. Kh2 Qe2+ 64. Kg1 Qxe5 65. Qf3
Kg7 66. Kg2 Qb2+ 67. Kh3 Qc2 68. Qe3 Qf5+ 69. Kg2 Kf6 70. Qd4+ Qe5 71. Qb6+ Kf5
72. Qf2+ Ke6 73. Qb6+ Qd6 74. Qe3+ Kd7 75. Qa7+ Ke6 76. Qe3+ Kf6 77. Qc3+ Qe5
78. Qc6+ Kg7 79. Qf3 Qb2+ 80. Kh3 Qf6 81. Qe3 Qf5+ 82. Kg2 Qf6 83. Qe4 g5 84.
hxg5 Qxg5 85. Qd4+ Qf6 86. Qe4 Qg6 87. Qd4+ Kh7 88. Qf4 Qe6 89. Qf3 Kg6 90.
Qd3+ f5 91. Kf2 Qb6+ 92. Kg2 Qc6+ 93. Kf2 Qe6 94. Qd4 Qf6 95. Qd3 Qe5 96. Qa6+
Kg5 97. Qd3 h4 98. Qd8+ Kg6 1/2-1/2